Obálka Náhled e-knihy:
Epub
Pro půjčování e-knih musíte být přihlášeni.
Jak si půjčit online?

Staré pověsti české /

Staré pověsti české je kniha pro mládež Aloise Jiráska. Popisuje události z české historie založené na lidové slovesnosti a některých historických faktech. Poprvé vyšla v roce 1894 v pražském nakladatelství J. R. Vilímek jako 11. svazek v edici Vilímkova knihovna mládeže dospívající. O rok dříve vša...

Celý popis

Uloženo v:
Hlavní autor: Jirásek, Alois (Autor)
Médium: E-kniha
Jazyk:Czech
Vydáno: Praha : Franz Gilles von Jilek, 2021
Tagy:
Žádné tagy
LEADER 02034nam a22002297i 4500
001 311359
007 ta
008 260601s2021 xr ||||| |||| 00| 0 cze d
020 |a 9990003270481 
044 |a xr 
100 1 |a  Jirásek, Alois  |4 aut 
245 1 0 |a Staré pověsti české /  |c  Jirásek, Alois 
264 1 |a Praha :  |b Franz Gilles von Jilek,  |c 2021 
300 |a 1 online zdroj (219 stran) 
336 |a text  |b txt  |2 rdacontent 
337 |a bez média  |b n  |2 rdamedia 
338 |a online zdroj  |b cr  |2 rdacarrier 
520 2 |a Staré pověsti české je kniha pro mládež Aloise Jiráska. Popisuje události z české historie založené na lidové slovesnosti a některých historických faktech. Poprvé vyšla v roce 1894 v pražském nakladatelství J. R. Vilímek jako 11. svazek v edici Vilímkova knihovna mládeže dospívající. O rok dříve však pověsti vycházely na pokračování ve stejném nakladatelství v sešitech. Knihu Alois Jirásek věnoval Františku Bartošovi. Předlohou byly Hájkova kronika, Kosmova kronika česká a Dalimilova kronika, ale použity byly také Staré letopisy české a mnoho dalších pramenů. Při psaní postupoval Jirásek zcela jinak než August Sedláček, který se ve své Sbírce pověstí historických lidu českého v Čechách, na Moravě a ve Slezsku snažil pověsti očistit od pozdějšího umělého literárního zpracování a dobrat se k jádru lidového vyprávění. Jirásek se naopak o „vypravování umělá“ svých předchůdců opírá a sám je bohatě autorsky rozvíjí po svém, a tak vzniká košaté a čtivé líčení se silným vlasteneckým nábojem. 
910 |a RBIT002 
998 |d 327048  |a https://core.palmknihy.cz/api/books/327048/cover?quh9jn  |b https://core.palmknihy.cz/api/books/327048/cover/400?quh9jn  |c https://core.palmknihy.cz/api/books/327048/cover/50?quh9jn  |e 2099-12-31  |g 219  |i 9990003270481  |j https://core.palmknihy.cz/api/books/327048/preview.epub  |l   |q 49  |r 1  |s https://www.palmknihy.cz/kniha/327048  |t ebook  |y 2021  |z 1 
999 |d 311357